[Event "Baku Open 2014"]
[Site "Baku AZE"]
[Date "2014.09.30"]
[Round "9.1"]
[White "Areshchenko, Alexander"]
[Black "Inarkiev, Ernesto"]
[Result "0-1"]
[WhiteElo "2664"]
[BlackElo "2672"]
[PlyCount "182"]
[EventDate "2014.09.22"]

1. e4 e5 2. Nf3 Nc6 3. d4 exd4 4. Nxd4 Qf6 5. Nxc6 Bc5 6. Qf3 bxc6 7. Nd2 d6 8.
Nb3 Bb6 9. a4 a5 10. Bd2 Qxf3 11. gxf3 Ne7 12. Rg1 g6 13. Be3 f5 14. Bxb6 cxb6
15. O-O-O Kd7 16. h4 Kc7 17. h5 Bd7 18. exf5 Nxf5 19. hxg6 Rag8 20. Nd4 Rxg6
21. Rh1 h5 22. Nxf5 Bxf5 23. Rd4 Be6 24. Rdh4 Bf7 25. Rf4 Be8 26. Kd2 d5 27.
Bd3 Rg2 28. Ke2 Kd6 29. c4 Rh6 30. cxd5 cxd5 31. b4 Re6+ 32. Kf1 Rg5 33. Rhh4
Ke7 34. Rd4 Rge5 35. Kg2 Rg5+ 36. Kf1 Rge5 37. Kg2 Rf6 38. f4 Re1 39. Rh3 Kd6
40. Re3 Re6 41. Rxe6+ Kxe6 42. Bc2 Kd6 43. bxa5 bxa5 44. Bd1 Kc5 45. Rd2 d4 46.
Bf3 Bxa4 47. Ra2 Kb4 48. Rd2 Kc3 49. Ra2 Bd1 50. Bxd1 Rxd1 51. f5 d3 52. Ra3+
Kc2 53. Ra2+ Kc3 54. Ra3+ Kc4 55. Ra4+ Kb3 56. Rxa5 Re1 57. Rd5 Kc3 58. f6 Re6
59. f7 Rf6 60. Rc5+ Kb3 61. Rd5 Kc3 62. Rc5+ Kd4 63. Rc7 d2 64. Rd7+ Kc3 65.
Rc7+ Kb2 66. Rb7+ Kc2 67. Rc7+ Kd1 68. Kg3 h4+ 69. Kg2 h3+ 70. Kh2 Ke2 71. Re7+
Kxf2 72. Rd7 Ke1 73. Re7+ Kd1 74. Rd7 Rf5 75. Re7 Rf3 76. Rd7 Rf4 77. Kxh3 Ke2
78. Re7+ Kf3 79. Rd7 Rf6 80. Kh4 Ke3 81. Kg3 Rf3+ 82. Kg2 Rxf7 83. Rxf7 d1=Q
84. Re7+ Kf4 85. Rf7+ Kg5 86. Rg7+ Kf6 87. Rg3 Kf5 88. Kh2 Kf4 89. Ra3 Qc2+ 90.
Kh3 Qh7+ 91. Kg2 Qb7+ 0-1

[Event "Baku Open 2014"]
[Site "Baku AZE"]
[Date "2014.09.30"]
[Round "9.2"]
[White "Lupulescu, Constantin"]
[Black "Baryshpolets, Andrey"]
[Result "1-0"]
[WhiteElo "2630"]
[BlackElo "2540"]
[PlyCount "95"]
[EventDate "2014.09.22"]

1. d4 Nf6 2. c4 g6 3. Nc3 Bg7 4. e4 d6 5. Nf3 O-O 6. Be2 e5 7. d5 Na6 8. Nd2
Ne8 9. a3 c5 10. h4 f5 11. h5 Nf6 12. hxg6 hxg6 13. exf5 gxf5 14. Qc2 Nc7 15.
g4 e4 16. gxf5 Bxf5 17. Nf1 Ng4 18. Ne3 Nxe3 19. Bxe3 b5 20. cxb5 a6 21. bxa6
Nxa6 22. Bxa6 Rxa6 23. O-O-O Kf7 24. Nxe4 Bxe4 25. Qxe4 Qf6 26. Rd2 Re8 27. Qg4
Rb8 28. Rh3 Kg8 29. Rf3 Qe5 30. Rf5 Qe7 31. Bh6 Ra4 32. Qxg7+ Qxg7 33. Bxg7
Kxg7 34. Rd1 Rc4+ 35. Kb1 Rg4 36. Re1 Kg6 37. Rf3 Rb6 38. Rg3 Kf5 39. Rxg4 Kxg4
40. Re6 Kf3 41. Kc2 Kxf2 42. Kc3 Kf3 43. b4 cxb4+ 44. axb4 Kf4 45. Kc4 Kf5 46.
b5 Kf4 47. Kb4 Rb8 48. Ka5 1-0

[Event "Baku Open 2014"]
[Site "Baku AZE"]
[Date "2014.09.30"]
[Round "9.3"]
[White "Donchenko, Alexander"]
[Black "Berkes, Ferenc"]
[Result "0-1"]
[WhiteElo "2501"]
[BlackElo "2649"]
[PlyCount "182"]
[EventDate "2014.09.22"]

1. Nf3 Nf6 2. g3 g6 3. Bg2 Bg7 4. c4 O-O 5. O-O d6 6. d4 Nbd7 7. Nc3 e5 8. e4
c6 9. h3 exd4 10. Nxd4 Qb6 11. Re1 Re8 12. Re2 Qb4 13. Rc2 Nc5 14. Bd2 Qb6 15.
Be3 Qc7 16. f3 a5 17. Qd2 a4 18. Rb1 Qe7 19. Bf2 Nfd7 20. f4 Nb6 21. b3 axb3
22. axb3 Nbd7 23. b4 Ne6 24. Nde2 Bf8 25. Rd1 Nc7 26. Qc1 Qe6 27. Nd5 cxd5 28.
cxd5 Nxd5 29. exd5 Qe7 30. Nc3 Bg7 31. Re1 Qd8 32. Rxe8+ Qxe8 33. Bf1 Qd8 34.
Na4 h5 35. Bb5 Nf6 36. Nb6 Bf5 37. Nxa8 Bxc2 38. Qxc2 Qxa8 39. Bc4 Qa3 40. Qb3
Qa1+ 41. Bf1 Ne4 42. Qc4 Nxf2 43. Kxf2 Qb2+ 44. Ke3 Bc3 45. b5 Be1 46. Qe2 Qa3+
47. Qd3 Qa2 48. Qe2 Qa3+ 49. Qd3 Qc5+ 50. Ke2 Qf2+ 51. Kd1 Bb4 52. Be2 Qg1+ 53.
Bf1 Qh2 54. f5 gxf5 55. Qe3 Ba5 56. Qg5+ Kf8 57. Qh6+ Ke8 58. Qe3+ Kd7 59. Qf4
Kc7 60. b6+ Bxb6 61. Qxf5 Be3 62. Qc2+ Qxc2+ 63. Kxc2 Kb6 64. Be2 h4 65. gxh4
Kc5 66. Kc3 Bh6 67. h5 Bg7+ 68. Kb3 f5 69. Bf3 f4 70. Bh1 Bh6 71. Kc3 Bg5 72.
Kb3 Bh6 73. Kc3 Bg7+ 74. Kb3 b6 75. Bg2 b5 76. Bh1 b4 77. Bg2 Bc3 78. h6 Kd4
79. h7 Ke3 80. h8=Q Bxh8 81. Kxb4 f3 82. Bh1 Kf4 83. Kc4 Kg3 84. Kd3 Bf6 85.
Kd2 f2 86. Ke2 Kh2 87. Kxf2 Kxh1 88. Kg3 Be5+ 89. Kf3 Kh2 90. Kg4 Kg2 91. h4
Kf2 0-1

[Event "Baku Open 2014"]
[Site "Baku AZE"]
[Date "2014.09.30"]
[Round "9.4"]
[White "Efimenko, Zahar"]
[Black "Smirnov, Pavel"]
[Result "1/2-1/2"]
[WhiteElo "2641"]
[BlackElo "2611"]
[PlyCount "90"]
[EventDate "2014.09.22"]

1. e4 c5 2. Nf3 d6 3. d4 cxd4 4. Nxd4 Nf6 5. Nc3 a6 6. Be2 e6 7. O-O Be7 8. Qd3
Qc7 9. a4 Nc6 10. Nxc6 bxc6 11. Qg3 O-O 12. Be3 Rb8 13. b3 Rb4 14. Bh6 Ne8 15.
Bd2 d5 16. Qxc7 Nxc7 17. Bd3 c5 18. exd5 exd5 19. Rfe1 Bd6 20. Rad1 Be6 21. a5
c4 22. bxc4 dxc4 23. Be4 Rbb8 24. h3 Bb4 25. Ne2 Bxd2 26. Rxd2 Rfd8 27. Rxd8+
Rxd8 28. Rb1 f5 29. Bb7 Rd2 30. Nf4 Bd7 31. c3 g5 32. Nh5 Bb5 33. Re1 Kf7 34.
Re5 Kg6 35. g4 Bd7 36. Re7 Rd6 37. gxf5+ Bxf5 38. Rxc7 Kxh5 39. Rxc4 Bxh3 40.
Rc6 Rxc6 41. Bxc6 Be6 42. Be4 Kh6 43. Bd3 Bc8 44. Kg2 Kg7 45. f4 gxf4 1/2-1/2

[Event "Baku Open 2014"]
[Site "Baku AZE"]
[Date "2014.09.30"]
[Round "9.5"]
[White "Salem, A.R. Saleh"]
[Black "Onischuk, Vladimir"]
[Result "0-1"]
[WhiteElo "2594"]
[BlackElo "2593"]
[PlyCount "126"]
[EventDate "2014.09.22"]

1. d4 d6 2. e4 Nf6 3. Bd3 g6 4. Nf3 Bg7 5. O-O O-O 6. c3 Nbd7 7. Bg5 h6 8. Bh4
e5 9. Nbd2 b6 10. a4 a5 11. Re1 Bb7 12. Qb3 Qe7 13. Rad1 Rfe8 14. Bb5 Red8 15.
Qa3 Qe6 16. d5 Qe7 17. b4 g5 18. Bg3 Nxe4 19. Nxe4 f5 20. Nd4 fxe4 21. Nc6 Bxc6
22. Bxc6 Rab8 23. Rxe4 Nf6 24. Ree1 e4 25. Re2 Rf8 26. Qc1 Qf7 27. Qd2 Qg6 28.
Rde1 Rf7 29. f3 Rbf8 30. Bb5 exf3 31. gxf3 Qh5 32. bxa5 bxa5 33. Rf2 Kh8 34.
Be2 Qh3 35. Bf1 Qf5 36. c4 Nd7 37. Kg2 Nc5 38. Qd1 Qd7 39. Re3 Nxa4 40. Ra3 Nc5
41. Rxa5 h5 42. h4 gxh4 43. Bxh4 Bc3 44. Ra3 Rf4 45. Bg3 Rg8 46. Ra8 Rxa8 47.
Bxf4 Ra1 48. Qe2 Re1 49. Qc2 Qg7+ 50. Kh3 Qf6 51. Bg5 Qxg5 52. Qxc3+ Re5 53.
Re2 Qf4 54. Rg2 Nd7 55. Be2 Nf6 56. Qd3 Nh7 57. Rg6 Rxe2 58. Qxe2 Qf5+ 59. Rg4
Nf6 60. Kg3 hxg4 61. fxg4 Ne4+ 62. Kg2 Qf4 63. g5 Qxg5+ 0-1

[Event "Baku Open 2014"]
[Site "Baku AZE"]
[Date "2014.09.30"]
[Round "9.6"]
[White "Mammadov, Zaur"]
[Black "Zhigalko, Sergei"]
[Result "0-1"]
[WhiteElo "2482"]
[BlackElo "2677"]
[PlyCount "78"]
[EventDate "2014.09.22"]

1. d4 Nf6 2. Nf3 e6 3. Bg5 h6 4. Bh4 b6 5. e3 Bb7 6. Nbd2 Be7 7. c3 d6 8. h3
Nbd7 9. Bd3 O-O 10. O-O Nh5 11. Bxe7 Qxe7 12. Qe2 a5 13. Nh2 g6 14. Be4 Bxe4
15. Nxe4 f5 16. Nd2 Kh8 17. Rad1 Rf7 18. e4 Nf4 19. Qf3 fxe4 20. Nxe4 d5 21.
Nd2 e5 22. Rde1 e4 23. Qg3 Raf8 24. Re3 Qd6 25. Kh1 Nf6 26. Ng4 Nxg4 27. hxg4
h5 28. g5 Kg7 29. f3 h4 30. Qh2 h3 31. g4 Ng2 32. Qxd6 cxd6 33. Re2 e3 34. Nb3
Rxf3 35. Rxf3 Rxf3 36. Kg1 Nf4 37. Re1 Rg3+ 38. Kh1 Nd3 39. Kh2 Rg2+ 0-1

[Event "Baku Open 2014"]
[Site "Baku AZE"]
[Date "2014.09.30"]
[Round "9.7"]
[White "Kuzubov, Yuriy"]
[Black "Maghsoodloo, Parham"]
[Result "1-0"]
[WhiteElo "2663"]
[BlackElo "2321"]
[PlyCount "101"]
[EventDate "2014.09.22"]

1. c4 Nf6 2. Nc3 d5 3. cxd5 Nxd5 4. g3 g6 5. Bg2 Nb6 6. d3 Bg7 7. Be3 O-O 8.
Qd2 Re8 9. h4 Nc6 10. h5 Bf5 11. hxg6 Bxg6 12. Bh6 Bh8 13. Nf3 e6 14. Nh4 Nd5
15. Bg5 Qd6 16. Nxg6 fxg6 17. Ne4 Qb4 18. Qxb4 Ncxb4 19. Kd2 b6 20. a3 Nc6 21.
Nc3 Bxc3+ 22. bxc3 Rac8 23. e4 Nde7 24. Rh4 Rf8 25. Ke3 Rce8 26. f4 Nb8 27. d4
Nbc6 28. Bf1 Na5 29. Bb5 c6 30. Bd3 Rf7 31. Rah1 Nb7 32. Bc4 Nd6 33. Ba2 Nd5+
34. exd5 exd5+ 35. Kd3 Nf5 36. R4h3 Re3+ 37. Kd2 Rf3 38. Bb1 Nxg3 39. Bxg6 Rg7
40. Bxh7+ Kf7 41. Bd3 Rf2+ 42. Ke3 Nxh1 43. Rxh1 Ra2 44. Rh6 c5 45. Bf5 Rxg5
46. fxg5 Rxa3 47. Kd3 c4+ 48. Kc2 b5 49. Rh7+ Kf8 50. g6 a5 51. g7+ 1-0

[Event "Baku Open 2014"]
[Site "Baku AZE"]
[Date "2014.09.30"]
[Round "9.8"]
[White "Darini, Pouria"]
[Black "Kovalenko, Igor"]
[Result "0-1"]
[WhiteElo "2442"]
[BlackElo "2650"]
[PlyCount "48"]
[EventDate "2014.09.22"]

1. e4 c6 2. d4 d5 3. e5 c5 4. dxc5 Nc6 5. a3 Nxe5 6. b4 g6 7. Bb5+ Nc6 8. Bb2
Nf6 9. c4 Be6 10. Nf3 Bg7 11. Ng5 Qd7 12. O-O O-O 13. Nxe6 Qxe6 14. cxd5 Nxd5
15. Re1 Qf5 16. Bxg7 Kxg7 17. Ra2 e6 18. Rd2 Rfd8 19. Bc4 Nf6 20. Nc3 Qf4 21.
Bd3 Ne5 22. Ne2 Qh4 23. h3 a5 24. Bc2 Nf3+ 0-1

[Event "Baku Open 2014"]
[Site "Baku AZE"]
[Date "2014.09.30"]
[Round "9.9"]
[White "Iordachescu, Viorel"]
[Black "Volokitin, Andrei"]
[Result "1/2-1/2"]
[WhiteElo "2603"]
[BlackElo "2642"]
[PlyCount "108"]
[EventDate "2014.09.22"]

1. e4 c5 2. Nf3 d6 3. Bb5+ Nd7 4. O-O a6 5. Bd3 Ngf6 6. Re1 g6 7. c3 Bh6 8. Bf1
Ne5 9. Nxe5 dxe5 10. a4 O-O 11. a5 Bd7 12. d3 Bxc1 13. Qxc1 Bb5 14. Qe3 Qd6 15.
Nd2 Kg7 16. Red1 Rfd8 17. h3 Rac8 18. Be2 h6 19. b3 Nd7 20. Ra2 Qf6 21. Nc4 Qf4
22. Bf1 Bxc4 23. bxc4 Qxe3 24. fxe3 Nb8 25. Rb1 Rc7 26. Kf2 Nc6 27. Ke2 Kf8 28.
g3 Ke8 29. h4 h5 30. Bh3 e6 31. g4 hxg4 32. Bxg4 Kd7 33. Rh1 Rh8 34. h5 Rcc8
35. Rb2 Kc7 36. Rf1 f5 37. Bf3 Rcg8 38. exf5 gxf5 39. Rb6 Rh6 40. Bxc6 bxc6 41.
Rh1 Rg5 42. Rxa6 Rhxh5 43. Ra7+ Kd6 44. Rxh5 Rxh5 45. a6 Rh2+ 46. Kd1 f4 47.
Ra8 Ra2 48. a7 Kc7 49. Rf8 Rxa7 50. exf4 Ra1+ 51. Ke2 Ra2+ 52. Kd1 Ra1+ 53. Ke2
Ra2+ 54. Kd1 Ra1+ 1/2-1/2

[Event "Baku Open 2014"]
[Site "Baku AZE"]
[Date "2014.09.30"]
[Round "9.10"]
[White "Krasenkow, Michal"]
[Black "Guliev, Logman"]
[Result "1-0"]
[WhiteElo "2636"]
[BlackElo "2377"]
[PlyCount "53"]
[EventDate "2014.09.22"]

1. Nf3 Nf6 2. d4 e6 3. c4 d5 4. Nc3 Be7 5. Bg5 O-O 6. e3 h6 7. Bh4 b6 8. Rb1
Nbd7 9. cxd5 Nxd5 10. Nxd5 Bxh4 11. Nc3 Be7 12. Bc4 Nf6 13. Ne5 Bb7 14. O-O c5
15. Qd3 cxd4 16. exd4 Nd5 17. f4 Nb4 18. Qe2 Qxd4+ 19. Kh1 Qd8 20. f5 exf5 21.
Rbd1 Qc8 22. Rd7 Bf6 23. Nxf7 Kh7 24. Be6 Ba6 25. Bxf5+ Kg8 26. Nxh6+ Kh8 27.
Nf7+ 1-0